000
00286nam a2200121Ia 4500
008
190216s9999||||xx |||||||||||||| ||und||
100
_a
James S Pickering
245
0
_a
Captives Of The Sun
260
_b
Sterling Publications
_c
1962
300
_a
326p
650
_a
Physics
942
_c
BK
999
_c
32764
_d
32764